| 000 | 00000ngm 2200000zi 4500 |
| 001 | 9.894991 |
| 003 | CaOODSP |
| 005 | 20250403110352 |
| 006 | m o c f |
| 007 | cr cna|||||||| |
| 008 | 210104s2020 onc016 fo vlfre d |
| 040 | |aCaOODSP|bfre|erda|cCaOODSP |
| 086 | 1 |aCS892-00005/2020-17F-MP4 |
| 245 | 00|aDémo 17 - outils de géotraitement (pt. I). |
| 264 | 1|a[Ottawa] : |bStatistique Canada = Statistics Canada, |c[2020] |
| 300 | |a1 ressource en ligne (1 fichier vidéo (16 min., 17 sec.)) : |bsonore, couleur |
| 336 | |aimage animée bidimensionnelle|btdi|2rdacontent/fre |
| 337 | |ainformatique|bc|2rdamedia/fre |
| 338 | |aressource en ligne|bcr|2rdacarrier/fre |
| 500 | |aPublié aussi en anglais sous le titre : Demo 17 - geoprocessing tools (pt. I). |
| 500 | |aTitre des images du titre. |
| 500 | |aTranscription de la vidéo en format HTML est fourni par l'éditeur. |
| 520 | |a« Ce tutoriel QGIS présente les outils de géotraitement - qui sont utilisés pour superposer et combiner des couches en fonction de leurs distributions spatiales » -- Fourni par l'éditeur. |
| 538 | |aConfiguration requise : Logiciel de lecture multimédia tels que Lecteur Windows Media. |
| 538 | |aMode d'accès : World Wide Web. |
| 650 | 6|aSystèmes d'information géographique|xÉtude et enseignement. |
| 650 | 6|aDonnées géospatiales|xInformatique|xÉtude et enseignement. |
| 655 | 7|aMatériel d'éducation et de formation|2rvmgf |
| 655 | 7|aVidéos sur Internet|2rvmgf |
| 710 | 2 |aStatistique Canada, |eorganisme de publication. |
| 775 | 08|tDemo 17 - geoprocessing tools (pt. I).|w(CaOODSP)9.894990 |
| 856 | 40|qMP4|s61.11 Mo|uhttps://publications.gc.ca/collections/collection_2020/statcan/892-00005/CS892-00005-2020-17-fra.mp4|z(vidéo) |
| 856 | 4 |qHTML|sS.O.|uhttps://www.statcan.gc.ca/fra/afc/cours-en-ligne/qgis/2020017|z(transcription) |
| 986 | |a89-20-0005 |